000 01113cam a2200217 4500
001 ABS65508
008 020528n2002 000 0 eng u
035 _a(Sirsi) u118170
100 _aMcDougall, F
245 _aLife cycle assessment for sustainable solid waste management - an introduction
260 _c2002
490 _aWastes Management
_v May 2002, 43-45(3)
520 _aAims to dispel some of the myths surrounding the application of Life Cycle Assessment (LCA) to solid waste management and then to describe some of the advantages associated with this approach. Currently there seems to be a degree of cynicism amongst some waste management decision-makers regarding LCA tools. This is probably due to a combination of incomplete understanding of the LCA approach and a degree of technophobia. Describes the basic concept of LCA and the most commonly used terminology.
590 _aABS
650 _aLIFE CYCLE ASSESSMENT
650 _aWASTE MANAGEMENT
690 _aENVIRONMENTAL AND LAND CONSULTANCY-ENVIRONMENTAL MANAGEMENT
700 _aThomas, B
700 _aDryer, A
942 _n0
999 _c70370
_d70370